01234naa#a2200241#i#4500001001500000005001700015011001400032100004100046102000700087200026600094210012100360215001000481608004500491675005600536700006400592700005800656700005400714700005200768700004800820700005200868700005800920856001400978RU\\bibl\1878520260703091247.5##a2541-9420##a20171102b2017####ek#y0rusy0150####ca##aRU1#aПРОГНОЗИРОВАНИЕ РИСКА ВОЗНИКНОВЕНИЯ ПРОТРОМБОТИЧЕСКИХ ИЗМЕНЕНИЙ У ПОДРОСТКОВ С ЭССЕНЦИАЛЬНОЙ АРТЕРИАЛЬНОЙ ГИПЕРТЕНЗИЕЙeЖурнальная статья1#aИркутскcНаучный центр проблем семьи и репродукции человекаd2017##a4 с.##aЖурнальная статья2local##aМедицина. Охрана здоровья. 61#1aБольшаковаgСветлана Евгеньевна#1aГомелляgМарина Владимировна#1aБаироваgТатьяна Ананьевна#1aБердинаgОльга Николаевна#1aБугунgОльга Витальевна#1aМихалевичgИсай Моисеевич#1aРычковаgЛюбовь Владимировна4#azh-szf.ru